Olvasási stratégiák vizsgálata angol nyelvű szövegértési feladatokban 10-14 éves nyelvtanulók körében
Tanulmányunk célja egy összegzés nyújtása az idegen nyelvi olvasási elméletekről és modellekről, az idegen nyelvi olvasási stratégiák csoportosításairól, valamint a kapcsolódó empirikus vizsgálatunk eredményeiről. A tanulmányban az általános iskola felső tagozatát érintő pilotmérés eredményeit mutat...
Elmentve itt :
| Szerzők: | |
|---|---|
| Dokumentumtípus: | Cikk |
| Megjelent: |
Szegedi Tudományegyetem, Bölcsészet- és Társadalomtudományi Kar
Szeged
2018
|
| Sorozat: | Iskolakultúra
28 No. 8-9 |
| Kulcsszavak: | Idegen nyelv ismerete, Szövegértés, Olvasási stratégia |
| doi: | 10.14232/ISKKULT.2018.8-9.22 |
| Online Access: | http://misc.bibl.u-szeged.hu/46269 |
| LEADER | 02890nab a2200217 i 4500 | ||
|---|---|---|---|
| 001 | misc46269 | ||
| 005 | 20191122103912.0 | ||
| 008 | 191122s2018 hu o 0|| zxx d | ||
| 022 | |a 1215-5252 | ||
| 024 | 7 | |a 10.14232/ISKKULT.2018.8-9.22 |2 doi | |
| 040 | |a SZTE Miscellanea Repozitórium |b hun | ||
| 041 | |a zxx | ||
| 100 | 1 | |a Magyar Andrea | |
| 245 | 1 | 0 | |a Olvasási stratégiák vizsgálata angol nyelvű szövegértési feladatokban 10-14 éves nyelvtanulók körében |h [elektronikus dokumentum] / |c Magyar Andrea |
| 260 | |a Szegedi Tudományegyetem, Bölcsészet- és Társadalomtudományi Kar |b Szeged |c 2018 | ||
| 300 | |a 22-37 | ||
| 490 | 0 | |a Iskolakultúra |v 28 No. 8-9 | |
| 520 | 3 | |a Tanulmányunk célja egy összegzés nyújtása az idegen nyelvi olvasási elméletekről és modellekről, az idegen nyelvi olvasási stratégiák csoportosításairól, valamint a kapcsolódó empirikus vizsgálatunk eredményeiről. A tanulmányban az általános iskola felső tagozatát érintő pilotmérés eredményeit mutatjuk be, amelynek célja azoknak az olvasási és szövegértési stratégiáknak a feltérképezése volt, amelyek a leginkább jellemzik a vizsgált korosztályt. A vizsgálat kiterjedt a nyelvi stratégiák olvasás teszten nyújtott teljesítménnyel és különböző háttérváltozókkal való összefüggéseinek meghatározására, valamint a jól és kevésbé jól teljesítő tanulók nyelvi stratégiái közötti különbségek felderítését is célozta. A vizsgálatban a tanulók idegen nyelvi szintjének meghatározása egy A1 szintű validált olvasási részteszttel történt, az olvasási stratégiák beazonosítása pedig Cohen és Oxford (2002) olvasási stratégákra vonatkozó kérdőíve segítségével. A stratégiahasználatra vonatkozóan az állapítható meg, hogy az 5-6. évfolyamos tanulók körében még nem különülnek el tudatosan a stratégiahasználat, ez inkább a magasabb évfolyamokra jellemző. Az előzetes tudás jelentősen meghatározza a stratégiahasználatot, mely szintén a 7-8. évfolyamokon mutatható ki szignifikáns mértékben; az olvasás teszten magasabban teljesítő tanulók szignifikánsan gyakrabban használják stratégiáikat. A stratégiahasználatra és az idegen nyelvi eredményekre az attitűd van a legjelentősebb hatással. Eredményeink összecsengenek a nemzetközi kutatások eredményeivel, vagyis bizonyos nyelvi szint elérése a feltétele annak, hogy a tanulók hatékonyan tudják használni az olvasási és szövegértési stratégiáikat. Ezért főleg a magasabb évfolyamokon lenne indokolt stratégiatréningek beiktatása az idegen nyelvi oktatási-nevelési folyamatba. | |
| 695 | |a Idegen nyelv ismerete, Szövegértés, Olvasási stratégia | ||
| 700 | 0 | 1 | |a Habók Anita |e aut |
| 856 | 4 | 0 | |u http://misc.bibl.u-szeged.hu/46269/1/iskolakultura_2018_08-09_022-037.pdf |z Dokumentum-elérés |